[Event "37th Reykjavik op"]
[Site "Reykjavik ISL"]
[Date "2024.03.16"]
[Round "2.1"]
[White "Deac, Bogdan-Daniel"]
[Black "Domalchuk-Jonasson, Aleksandr"]
[WhiteElo "2690"]
[BlackElo "2355"]
[Result "1/2-1/2"]
[EventDate "2024.03.15"]
[PlyCount "102"]

1. c4 {[%eval 16,0]} e6 {[%eval 18,0]} 2. Nc3 {[%eval 5,0]} d5 {[%eval 12,0]}
3. d4 {[%eval 24,0]} Nf6 {[%eval 21,0]} 4. cxd5 {[%eval 39,0]} exd5 {[%eval 25,
0]} 5. Bf4 {[%eval 8,0]} Bd6 {[%eval 15,0]} 6. Bxd6 {[%eval 9,0]} Qxd6 {
[%eval 12,0]} 7. e3 {[%eval 21,0]} Bf5 {[%eval 3,0]} 8. Nge2 {[%eval 6,0]} O-O
{[%eval 7,0]} 9. Nf4 {[%eval 2,0]} Nbd7 {[%eval 4,0]} 10. Be2 {[%eval 4,0]}
Rfe8 {[%eval 14,0]} 11. Qb3 {[%eval 19,0]} c6 {[%eval 5,0]} 12. Rc1 {[%eval 15,
0]} a5 {[%eval 11,0]} 13. Nd3 {[%eval 16,0]} h5 {[%eval 23,0]} 14. Qd1 {
[%eval 36,0]} g6 {[%eval 25,0]} 15. h3 {[%eval 16,0]} Kg7 {[%eval 25,0]} 16.
Bf3 {[%eval 33,0]} h4 {[%eval 35,0]} 17. Be2 {[%eval 28,0]} a4 {[%eval 25,0]}
18. Nxa4 $2 {[%eval -95,0] Mistake. O-O was best.} (18. O-O a3 19. b3 Rad8 20.
Nb1 Nh7 21. b4 Bxd3 22. Bxd3 Qxb4 23. Nd2 Qe7 24. Qb3 Ndf6) 18... Bxd3 {
[%eval -45,0]} 19. Bxd3 {[%eval -48,0]} Qb4+ {[%eval -95,0]} 20. Nc3 {[%eval
-56,0]} Rxa2 {[%eval -49,0]} 21. b3 {[%eval -9,0]} Rb2 {[%eval -26,0]} 22. O-O
{[%eval -185,0]} Rxb3 $6 {[%eval -54,0] Inaccuracy. Qxb3 was best.} (22... Qxb3
) 23. Ne2 {[%eval -58,0]} Ra8 {[%eval -71,0]} 24. Bc2 {[%eval -62,0]} Rb2 {
[%eval -65,0]} 25. Nf4 {[%eval -68,0]} Qd6 {[%eval -62,0]} 26. Nd3 {[%eval -42,
0]} Rba2 {[%eval -52,0]} 27. Nf4 {[%eval -36,0]} b5 {[%eval -29,0]} 28. Bb1 {
[%eval -21,0]} R2a4 {[%eval -25,0]} 29. Bd3 {[%eval -9,0]} R8a6 {[%eval -17,0]}
30. Qc2 {[%eval -18,0]} Ra2 {[%eval -36,0]} 31. Qb1 {[%eval -38,0]} Nf8 {
[%eval -35,0]} 32. Rc2 {[%eval -39,0]} Qa3 {[%eval -58,0]} 33. Rxa2 {[%eval
-47,0]} Qxa2 {[%eval -46,0]} 34. Qc1 {[%eval -21,0]} Qa3 {[%eval -65,0]} 35.
Qc2 {[%eval -57,0]} Qa2 {[%eval -48,0]} 36. Qc1 {[%eval -92,0]} N8d7 {[%eval
-31,0]} 37. Rd1 {[%eval -16,0]} Qa3 {[%eval -64,0]} 38. Qb1 {[%eval -64,0]} Nf8
{[%eval -66,0]} 39. Rc1 {[%eval -48,0]} Qd6 {[%eval -63,0]} 40. Be2 {[%eval
-71,0]} Ne4 {[%eval 89,0]} 41. Qc2 $6 {[%eval -46,0] Inaccuracy. Nd3 was best.}
(41. Nd3) 41... Nd7 {[%eval -27,0]} 42. Nd3 {[%eval -31,0]} Qa3 {[%eval -35,0]}
43. Bf3 {[%eval -35,0]} Nd6 $6 {[%eval 66,0] Inaccuracy. Ndf6 was best.} (43...
Ndf6 44. Bd1 Ra4 45. Ne5 Ra7 46. Nd3 Ra6 47. Bf3 Nd6 48. Rb1 Ra4 49. Ne5 Nc4
50. Nxc6) 44. Rb1 {[%eval 62,0]} Nc4 {[%eval 56,0]} 45. Nb4 {[%eval 6,0]} Rb6 {
[%eval 21,0]} 46. e4 {[%eval 28,0]} dxe4 {[%eval 24,0]} 47. Bxe4 {[%eval 29,0]}
c5 {[%eval 2,0]} 48. dxc5 {[%eval 0,0]} Nxc5 {[%eval 1,0]} 49. Bd5 {[%eval 0,0]
} Ne6 {[%eval 1,0]} 50. Bxc4 {[%eval 0,0]} bxc4 {[%eval 2,0]} 51. Qxc4 {
[%eval 4,0]} g5 1/2-1/2

[Event "37th Reykjavik op"]
[Site "Reykjavik ISL"]
[Date "2024.03.16"]
[Round "2.3"]
[White "Xu, Xiangyu"]
[Black "Moksh Amit, Doshi"]
[WhiteElo "2623"]
[BlackElo "2353"]
[Result "1-0"]
[EventDate "2024.03.15"]
[PlyCount "97"]

1. d4 {[%eval 15,0]} Nf6 {[%eval 16,0]} 2. c4 {[%eval 16,0]} e6 {[%eval 21,0]}
3. g3 {[%eval 14,0]} d5 {[%eval 16,0]} 4. Bg2 {[%eval 2,0]} Be7 {[%eval 16,0]}
5. Nf3 {[%eval 17,0]} O-O {[%eval 18,0]} 6. b3 {[%eval 0,0]} c5 {[%eval 47,0]}
7. O-O {[%eval 0,0]} cxd4 {[%eval 28,0]} 8. Bb2 {[%eval 14,0]} Nc6 {[%eval 34,
0]} 9. Nxd4 {[%eval 39,0]} Bd7 {[%eval 27,0]} 10. Nd2 {[%eval 16,0]} Nxd4 {
[%eval 15,0]} 11. Bxd4 {[%eval 14,0]} Bc6 {[%eval 1,0]} 12. Rc1 {[%eval 12,0]}
Rc8 {[%eval 7,0]} 13. e3 {[%eval 15,0]} Qa5 {[%eval 12,0]} 14. cxd5 {[%eval 0,
0]} Bxd5 {[%eval 0,0]} 15. Nc4 {[%eval 1,0]} Bxc4 {[%eval 1,0]} 16. bxc4 {
[%eval 7,0]} b6 {[%eval 4,0]} 17. Qb3 {[%eval 8,0]} Rfd8 {[%eval 3,0]} 18. Rfd1
{[%eval 0,0]} h6 {[%eval 0,0]} 19. h3 {[%eval 3,0]} Nd7 {[%eval 0,0]} 20. Rc2 {
[%eval 1,0]} Bf6 {[%eval 4,0]} 21. Rcd2 {[%eval 0,0]} Nc5 {[%eval 7,0]} 22. Qc2
{[%eval 0,0]} Qa4 {[%eval 22,0]} 23. Qb2 {[%eval 26,0]} e5 {[%eval 18,0]} 24.
Bxe5 {[%eval 14,0]} Qxd1+ {[%eval 5,0]} 25. Rxd1 {[%eval 14,0]} Rxd1+ {[%eval
3,0]} 26. Kh2 {[%eval 9,0]} Bxe5 {[%eval 19,0]} 27. Qxe5 {[%eval 11,0]} Rd2 {
[%eval 1,0]} 28. Qf5 {[%eval 29,0]} Rc7 {[%eval 75,0]} 29. g4 {[%eval 98,0]}
Re7 {[%eval 118,0]} 30. h4 {[%eval 89,0]} g6 {[%eval 104,0]} 31. Qf4 {[%eval
132,0]} Kh7 $6 {[%eval 233,0] Inaccuracy. Na4 was best.} (31... Na4 32. Bd5 Nc3
33. e4 Rxa2 34. Kh3 b5 35. f3 Kg7 36. g5 hxg5 37. hxg5 Ra6 38. Qd2) 32. Qf6 {
[%eval 246,0]} Rdd7 {[%eval 204,0]} 33. h5 {[%eval 212,0]} Ne4 {[%eval 222,0]}
34. hxg6+ {[%eval 217,0]} fxg6 {[%eval 222,0]} 35. Qf4 {[%eval 196,0]} Ng5 $6 {
[%eval 278,0] Inaccuracy. Nc3 was best.} (35... Nc3 36. c5 bxc5 37. Qc4 Nd1 38.
Kg3 Rd2 39. Qc1 Red7 40. Bc6 R7d6 41. Qxc5 h5 42. gxh5) 36. Bd5 {[%eval 278,0]}
b5 {[%eval 344,0]} 37. Qb8 {[%eval 352,0]} Ne6 {[%eval 343,0]} 38. Qxb5 {
[%eval 304,0]} Nc7 {[%eval 338,0]} 39. Qc6 {[%eval 371,0]} Nxd5 {[%eval 365,0]}
40. cxd5 {[%eval 394,0]} Rc7 {[%eval 408,0]} 41. Qa4 {[%eval 417,0]} Rf7 {
[%eval 405,0]} 42. Kg3 {[%eval 389,0]} g5 $6 {[%eval 409,0] Inaccuracy. Rfd7
was best.} (42... Rfd7 43. Qd4 Rc1 44. f4 Rc2 45. Qa4 Rcc7 46. Qe4 Rd6 47. Qd4
Ra6 48. a4 Rd7 49. e4) 43. d6 {[%eval 504,0]} Rcd7 {[%eval 532,0]} 44. Qd4 {
[%eval 532,0]} Rf8 {[%eval 539,0]} 45. e4 {[%eval 553,0]} Rfd8 {[%eval 557,0]}
46. e5 {[%eval 556,0]} Kg8 {[%eval 507,0]} 47. Qd5+ {[%eval 504,0]} Kf8 {
[%eval 615,0]} 48. e6 {[%eval 692,0]} Rxd6 {[%eval 700,0]} 49. Qf5+ {[%eval
703,0]} 1-0

[Event "37th Reykjavik op"]
[Site "Reykjavik ISL"]
[Date "2024.03.16"]
[Round "2.4"]
[White "Bjorn, Thorfinnsson"]
[Black "Moussard, Jules"]
[WhiteElo "2353"]
[BlackElo "2621"]
[Result "1/2-1/2"]
[EventDate "2024.03.15"]
[PlyCount "88"]

1. d4 {[%eval 15,0]} Nf6 {[%eval 16,0]} 2. Nf3 {[%eval 12,0]} e6 {[%eval 16,0]}
3. Bg5 {[%eval 0,0]} d5 {[%eval 14,0]} 4. e3 {[%eval 1,0]} c5 {[%eval 1,0]} 5.
c3 {[%eval 0,0]} Nbd7 {[%eval 1,0]} 6. Nbd2 {[%eval 4,0]} Qc7 {[%eval 9,0]} 7.
Bd3 {[%eval 3,0]} h6 {[%eval 21,0]} 8. Bh4 {[%eval 5,0]} Bd6 {[%eval 3,0]} 9.
Qe2 {[%eval 3,0]} a6 {[%eval 46,0]} 10. a3 {[%eval 3,0]} b5 {[%eval 5,0]} 11.
b4 $6 {[%eval 82,0] Inaccuracy. e4 was best.} (11. e4 Nxe4) 11... c4 {[%eval
84,0]} 12. Bc2 {[%eval 83,0]} Bb7 {[%eval 77,0]} 13. e4 {[%eval -75,0]} dxe4 {
[%eval -74,0]} 14. Nxe4 {[%eval -83,0]} Nxe4 {[%eval -76,0]} 15. Bxe4 {[%eval
-76,0]} Nb6 {[%eval -100,0]} 16. Nd2 {[%eval -100,0]} Bd5 {[%eval 96,0]} 17. a4
$6 {[%eval -191,0] Inaccuracy. Bg3 was best.} (17. Bg3 a5 18. O-O O-O 19. Rac1
Bf4 20. Rfe1 axb4 21. axb4 Ra2 22. Rc2 Rfa8 23. Bxf4 Qxf4) 17... Bxe4 $2 {
[%eval 44,0] Mistake. O-O was best.} (17... O-O 18. a5 Na4 19. Rxa4 bxa4 20.
Bg3 Rad8 21. Bxd6 Qxd6 22. O-O a3 23. h3 Rfe8 24. f4) 18. Qxe4 $2 {[%eval -189,
0] Mistake. Nxe4 was best.} (18. Nxe4 Nxa4) 18... O-O {[%eval -184,0]} 19. a5 {
[%eval -198,0]} Nd5 {[%eval -149,0]} 20. Rc1 {[%eval -125,0]} Nf4 {[%eval -152,
0]} 21. O-O {[%eval -194,0]} Nd3 $6 {[%eval -16,0] Inaccuracy. f5 was best.} (
21... f5 22. Qe3 Qd7 23. Rce1 Rae8 24. Bg3 Nd5 25. Qf3 f4 26. Bh4 g5 27. Bxg5
hxg5 28. Ne4) 22. Bg3 {[%eval -28,0]} Nxc1 {[%eval -34,0]} 23. Rxc1 {[%eval
-34,0]} Rae8 {[%eval -65,0]} 24. Bxd6 {[%eval -65,0]} Qxd6 {[%eval -72,0]} 25.
f4 {[%eval -95,0]} f6 {[%eval -54,0]} 26. Nf3 {[%eval -59,0]} Qd5 {[%eval -73,
0]} 27. Qg6 $2 {[%eval -134,0] Mistake. Qe3 was best.} (27. Qe3) 27... Qf5 {
[%eval -121,0]} 28. Qxf5 {[%eval -286,0]} exf5 {[%eval -286,0]} 29. Kf2 {
[%eval -291,0]} Re4 {[%eval -286,0]} 30. Re1 {[%eval -276,0]} g5 {[%eval -287,
0]} 31. g3 {[%eval -256,0]} Kf7 $6 {[%eval -131,0] Inaccuracy. gxf4 was best.}
(31... gxf4 32. gxf4 Rfe8 33. h3 Kf7 34. Rxe4 fxe4 35. Nh2 e3+ 36. Ke2 Ke6 37.
Nf1 Rg8 38. Nxe3) 32. Nd2 $6 {[%eval -395,0] Inaccuracy. Rxe4 was best.} (32.
Rxe4 fxe4 33. Nd2 e3+ 34. Kxe3 Re8+ 35. Kf3 Re1 36. g4 Rd1 37. Ke2 Rh1 38. Kf3
gxf4) 32... Rxe1 {[%eval -381,0]} 33. Kxe1 {[%eval -219,0]} gxf4 $6 {[%eval
-102,0] Inaccuracy. Re8+ was best.} (33... Re8+ 34. Kf2 Ke6 35. Nf1 Kd5 36. Kf3
Re1 37. Ne3+ Ke6 38. d5+ Kd6 39. Nxf5+ Kxd5 40. Ne3+) 34. gxf4 {[%eval -278,0]}
Rg8 {[%eval -138,0]} 35. Kf2 {[%eval -358,0]} Rg4 {[%eval -374,0]} 36. h3 {
[%eval -359,0]} Rg8 $4 {[%eval -55,0] Blunder. Rxf4+ was best.} (36... Rxf4+)
37. Nf1 {[%eval -97,0]} Ke6 $6 {[%eval 62,0] Inaccuracy. h5 was best.} (37...
h5 38. Ne3 h4 39. Nf1 Rg6 40. Kf3 Ke6 41. Kf2 Kd5 42. Kf3 Rg7 43. Ne3+ Kc6 44.
Nf1) 38. Ne3 {[%eval 88,0]} h5 {[%eval 5,0]} 39. h4 {[%eval 5,0]} Rg6 {[%eval
58,0]} 40. Ng2 {[%eval 55,0]} Rg8 {[%eval 6,0]} 41. Kf3 {[%eval 56,0]} Kd5 {
[%eval 53,0]} 42. Ne3+ {[%eval 51,0]} Ke6 {[%eval 42,0]} 43. Ng2 {[%eval 42,0]}
Kd5 {[%eval 51,0]} 44. Ne3+ {[%eval 48,0]} Ke6 {[%eval 0,0]} 1/2-1/2

[Event "37th Reykjavik op"]
[Site "Reykjavik ISL"]
[Date "2024.03.16"]
[Round "2.5"]
[White "Cramling Bellon, Anna"]
[Black "Banerjee, Aryan"]
[WhiteElo "2115"]
[BlackElo "1896"]
[Result "1-0"]
[EventDate "2024.03.15"]
[PlyCount "53"]

1. d4 {[%eval 15,0]} d5 {[%eval 25,0]} 2. c4 {[%eval 26,0]} e6 {[%eval 28,0]}
3. Nc3 {[%eval 24,0]} a6 {[%eval 41,0]} 4. cxd5 {[%eval 4,0]} exd5 {[%eval 42,
0]} 5. Nf3 {[%eval 36,0]} h6 {[%eval 39,0]} 6. Bf4 {[%eval 43,0]} Nf6 {[%eval
55,0]} 7. e3 {[%eval 33,0]} Bd6 {[%eval 52,0]} 8. Be5 {[%eval 44,0]} c6 {
[%eval 46,0]} 9. Bd3 {[%eval 44,0]} O-O {[%eval 33,0]} 10. O-O {[%eval 35,0]}
Bg4 $6 {[%eval 105,0] Inaccuracy. Re8 was best.} (10... Re8) 11. h3 {[%eval
102,0]} Bh5 $6 {[%eval 183,0] Inaccuracy. Bc8 was best.} (11... Bc8 12. Bc2)
12. g4 {[%eval 182,0]} Bg6 {[%eval 179,0]} 13. Bxg6 {[%eval 166,0]} fxg6 {
[%eval 174,0]} 14. Nh4 {[%eval 173,0]} Kh7 $6 {[%eval 262,0] Inaccuracy. g5
was best.} (14... g5 15. Nf5 Bc7 16. e4 g6 17. Ng3 Nbd7 18. Bxc7 Qxc7 19. e5
Ne8 20. Qd3 Kh7 21. Nh5) 15. Qc2 {[%eval 251,0]} Ne4 {[%eval 232,0]} 16. Nxg6 {
[%eval 272,0]} Kxg6 {[%eval 256,0]} 17. f3 {[%eval 206,0]} Bxe5 {[%eval 251,0]}
18. fxe4 {[%eval 223,0]} Rxf1+ {[%eval 209,0]} 19. Rxf1 {[%eval 291,0]} Kh7 {
[%eval 327,0]} 20. exd5+ {[%eval 319,0]} Kh8 {[%eval 301,0]} 21. dxe5 {[%eval
301,0]} cxd5 $6 {[%eval 416,0] Inaccuracy. Nd7 was best.} (21... Nd7 22. Qf5
Qe7 23. e6 Rf8 24. Qd3 Nf6 25. e4 Rd8 26. Qd4 b5 27. Rf5 Kg8 28. Kg2) 22. Nxd5
{[%eval 409,0]} Nc6 {[%eval 379,0]} 23. Nf4 {[%eval 373,0]} Qg5 $6 {[%eval 408,
0] Inaccuracy. Ne7 was best.} (23... Ne7 24. Qc5 Kh7 25. Qd6 Nc6 26. Qg6+ Kh8
27. Qe4 Qd2 28. Nd5 Qxb2 29. e6 Qxa2 30. e7) 24. e6 $2 {[%eval 293,0] Mistake.
Ng6+ was best.} (24. Ng6+ Kg8 25. Qb3+ Kh7 26. Nf8+ Rxf8 27. Rxf8 Ne7 28. Qd3+
Ng6 29. Qe4 Qh4 30. Kg2 Qe7) 24... h5 $2 {[%eval 464,0] Mistake. Kg8 was best.}
(24... Kg8 25. Qb3 Qc5 26. Rd1 Rc8 27. Kf2 Ne7 28. Rd7 Qc1 29. Rxe7 Rc2+ 30.
Ne2) 25. Qf5 {[%eval 458,0]} Qd8 $4 {[%eval 32760,0] Checkmate is now
unavoidable. Qxf5 was best.} (25... Qxf5 26. gxf5 Rd8 27. Kg2 Kg8 28. Rf2 Ne7
29. e4 h4 30. Rc2 Rd4 31. Kf3 Nc6 32. Ng6) 26. Qxh5+ Kg8 27. Ng6 1-0

[Event "37th Reykjavik op"]
[Site "Reykjavik ISL"]
[Date "2024.03.16"]
[Round "2.7"]
[White "Stelmaszyk, Nico"]
[Black "Pultinevicius, Paulius"]
[WhiteElo "2347"]
[BlackElo "2575"]
[Result "1/2-1/2"]
[EventDate "2024.03.15"]
[PlyCount "85"]

1. c4 {[%eval 16,0]} e6 {[%eval 18,0]} 2. Nf3 {[%eval 3,0]} d5 {[%eval 2,0]} 3.
e3 {[%eval 12,0]} Nf6 {[%eval 17,0]} 4. b3 {[%eval 13,0]} b6 {[%eval 12,0]} 5.
Bb2 {[%eval 0,0]} Bb7 {[%eval 17,0]} 6. d4 {[%eval 1,0]} Nbd7 {[%eval 14,0]} 7.
Bd3 {[%eval 13,0]} c5 {[%eval 7,0]} 8. cxd5 {[%eval 16,0]} exd5 {[%eval 15,0]}
9. O-O {[%eval 9,0]} Be7 {[%eval 36,0]} 10. Nc3 {[%eval 38,0]} O-O {[%eval 25,
0]} 11. Ne2 {[%eval 27,0]} Ne4 {[%eval 37,0]} 12. Rc1 {[%eval 41,0]} Rc8 {
[%eval 36,0]} 13. Ng3 {[%eval 24,0]} Nxg3 {[%eval 38,0]} 14. hxg3 {[%eval 43,0]
} Bf6 {[%eval 55,0]} 15. Qe2 {[%eval 43,0]} Rc7 {[%eval 43,0]} 16. Rfd1 {
[%eval 58,0]} Qe7 {[%eval 74,0]} 17. Bf5 {[%eval 7,0]} Nb8 {[%eval 63,0]} 18.
Ba3 {[%eval 53,0]} g6 {[%eval 7,0]} 19. Bh3 {[%eval 74,0]} Na6 {[%eval 66,0]}
20. Rc2 {[%eval 56,0]} Qe8 {[%eval 74,0]} 21. Qd2 {[%eval 86,0]} Be7 {[%eval
106,0]} 22. Qc1 $6 {[%eval 37,0] Inaccuracy. dxc5 was best.} (22. dxc5 Bxc5)
22... Qb5 $6 {[%eval 108,0] Inaccuracy. Qd8 was best.} (22... Qd8 23. dxc5 Bxc5
24. Bb2 Nb4 25. Rc4 Qe7 26. Rh4 Bd4 27. Qd2 Bxb2 28. Qxb2 Rc2 29. Qb1) 23. Ne5
{[%eval 61,0]} Nb4 {[%eval 47,0]} 24. Bxb4 {[%eval 57,0]} Qxb4 {[%eval 66,0]}
25. Bg4 {[%eval 69,0]} Rd8 {[%eval 78,0]} 26. Bf3 {[%eval 45,0]} Qb5 {[%eval 4,
0]} 27. Nd3 {[%eval 48,0]} Bd6 {[%eval 53,0]} 28. Nf4 {[%eval 55,0]} Bxf4 {
[%eval 103,0]} 29. gxf4 {[%eval 96,0]} a5 {[%eval 109,0]} 30. Be2 {[%eval 79,0]
} Qb4 $6 {[%eval 167,0] Inaccuracy. Qc6 was best.} (30... Qc6 31. f5) 31. Rc3 {
[%eval 154,0]} a4 $6 {[%eval 278,0] Inaccuracy. c4 was best.} (31... c4 32.
bxc4 dxc4 33. a3 Qe7 34. Rxc4 Rxc4 35. Qxc4 Bd5 36. Qc1 a4 37. Bf3 Bxf3 38.
gxf3) 32. a3 {[%eval 279,0]} Qa5 {[%eval 264,0]} 33. b4 {[%eval 246,0]} Qa7 {
[%eval 208,0]} 34. dxc5 {[%eval 225,0]} Rdc8 $6 {[%eval 337,0] Inaccuracy.
bxc5 was best.} (34... bxc5 35. Rxc5 Rxc5 36. Qxc5 Qxc5 37. bxc5 Bc6 38. e4 d4
39. f3 Kf8 40. Bc4 Be8 41. Bd5) 35. cxb6 $6 {[%eval 212,0] Inaccuracy. e4 was
best.} (35. e4 d4 36. Rxd4 bxc5 37. bxc5 Qa5 38. f5 Rxc5 39. Rxc5 Qxc5 40. Rd8+
Kg7 41. Rxc8 Qxc8) 35... Qxb6 {[%eval 204,0]} 36. Rxc7 {[%eval 205,0]} Rxc7 $6
{[%eval 271,0] Inaccuracy. Qxc7 was best.} (36... Qxc7 37. Qa1) 37. Qb2 {
[%eval 269,0]} Qc6 {[%eval 269,0]} 38. Qe5 {[%eval 265,0]} Qc3 {[%eval 294,0]}
39. Bb5 {[%eval 286,0]} Qxe5 {[%eval 291,0]} 40. fxe5 {[%eval 317,0]} Rc3 {
[%eval 325,0]} 41. Rd3 {[%eval 265,0]} Rc1+ {[%eval 303,0]} 42. Kh2 {[%eval
300,0]} Bc6 {[%eval 296,0]} 43. Ba6 {[%eval 244,0]} 1/2-1/2

[Event "37th Reykjavik op"]
[Site "Reykjavik ISL"]
[Date "2024.03.16"]
[Round "2.8"]
[White "Sanal, Vahap"]
[Black "Risting, Eivind Olav"]
[WhiteElo "2558"]
[BlackElo "2336"]
[Result "1-0"]
[EventDate "2024.03.15"]
[PlyCount "110"]

1. d4 {[%eval 15,0]} Nf6 {[%eval 16,0]} 2. c4 {[%eval 16,0]} g6 {[%eval 37,0]}
3. Nc3 {[%eval 31,0]} Bg7 {[%eval 7,0]} 4. e4 {[%eval 67,0]} d6 {[%eval 53,0]}
5. f3 {[%eval 5,0]} O-O {[%eval 46,0]} 6. Nge2 {[%eval 14,0]} c5 {[%eval 35,0]}
7. d5 {[%eval 19,0]} e6 {[%eval 39,0]} 8. Ng3 {[%eval 35,0]} exd5 {[%eval 26,0]
} 9. cxd5 {[%eval 21,0]} h5 {[%eval 26,0]} 10. Be2 {[%eval 15,0]} a6 {[%eval
16,0]} 11. a4 {[%eval 29,0]} Nh7 {[%eval 19,0]} 12. Be3 {[%eval 18,0]} h4 {
[%eval 14,0]} 13. Nf1 {[%eval 26,0]} f5 {[%eval 57,0]} 14. exf5 {[%eval 57,0]}
gxf5 {[%eval 46,0]} 15. a5 {[%eval 8,0]} Nd7 {[%eval 11,0]} 16. Qc2 $6 {
[%eval 95,0] Inaccuracy. Nd2 was best.} (16. Nd2 h3) 16... f4 {[%eval 7,0]} 17.
Bd2 $6 {[%eval -37,0] Inaccuracy. Bf2 was best.} (17. Bf2 Ne5) 17... Ng5 $6 {
[%eval 67,0] Inaccuracy. Ne5 was best.} (17... Ne5 18. Ne4) 18. h3 {[%eval -85,
0]} Ne5 {[%eval -93,0]} 19. Nh2 {[%eval 91,0]} Bf5 {[%eval 7,0]} 20. Ne4 $2 {
[%eval -200,0] Mistake. Qc1 was best.} (20. Qc1) 20... Qe8 {[%eval -4,0]} 21.
Ra4 $6 {[%eval -299,0] Inaccuracy. Bc3 was best.} (21. Bc3 Qg6 22. O-O-O Nxe4
23. fxe4 Bxe4 24. Qd2 c4 25. Nf3 Nd3+ 26. Bxd3 cxd3 27. Bxg7 Kxg7) 21... Qg6 {
[%eval -108,0]} 22. Ng4 {[%eval -265,0]} Nxg4 $2 {[%eval -93,0] Mistake. c4
was best.} (22... c4) 23. hxg4 {[%eval -34,0]} Bxe4 {[%eval -18,0]} 24. fxe4 $6
{[%eval -193,0] Inaccuracy. Rxe4 was best.} (24. Rxe4 Nxe4) 24... f3 {[%eval
-142,0]} 25. gxf3 {[%eval -155,0]} Nxf3+ {[%eval -178,0]} 26. Kd1 {[%eval -182,
0]} Nd4 $2 {[%eval 46,0] Mistake. Rae8 was best.} (26... Rae8 27. Be3) 27. Qd3
$6 {[%eval -48,0] Inaccuracy. Rxd4 was best.} (27. Rxd4) 27... Rae8 $6 {
[%eval 56,0] Inaccuracy. Rf2 was best.} (27... Rf2 28. Rxd4) 28. e5 {[%eval 67,
0]} Qxd3 {[%eval 67,0]} 29. Bxd3 {[%eval 59,0]} Bxe5 {[%eval 64,0]} 30. Rxh4 {
[%eval 73,0]} Nf3 {[%eval 41,0]} 31. Rh5 {[%eval 27,0]} Nxd2 {[%eval 28,0]} 32.
Rg5+ {[%eval 36,0]} Bg7 {[%eval 22,0]} 33. Kxd2 {[%eval 27,0]} Rf2+ {[%eval 21,
0]} 34. Kd1 {[%eval 51,0]} Re3 {[%eval 9,0]} 35. Bf5 $6 {[%eval 73,0]
Inaccuracy. Ra3 was best.} (35. Ra3 Rh3 36. Rh5 Rxh5 37. gxh5 Rxb2 38. Bc2 Rb5
39. Ra4 c4 40. Rxc4 Rxd5+ 41. Ke2 Rxh5) 35... Kf8 {[%eval 9,0]} 36. Re4 $6 {
[%eval -11,0] Inaccuracy. Bc8 was best.} (36. Bc8 Rf1+ 37. Kd2 Rb3 38. Ke2 Rf7
39. Rf5 Rxf5 40. Bxf5 Bf6 41. Re4 Rxb2+ 42. Kf3 Rb5) 36... Rxe4 $2 {[%eval 31,
0] Mistake. Rd3+ was best.} (36... Rd3+ 37. Ke1) 37. Bxe4 {[%eval 41,0]} Rxb2 {
[%eval 53,0]} 38. Bg6 $6 {[%eval -48,0] Inaccuracy. Rf5+ was best.} (38. Rf5+
Kg8) 38... Bf6 {[%eval -47,0]} 39. Rf5 {[%eval -97,0]} Kg7 {[%eval -55,0]} 40.
Be8 $6 {[%eval -199,0] Inaccuracy. g5 was best.} (40. g5 Bd8 41. Bh5 c4 42.
Rf7+ Kg8 43. Rd7 Bxg5 44. Rc7 Bd2 45. Rxc4 Bxa5 46. Kc1 Rb5) 40... Rg2 {
[%eval -3,0]} 41. g5 $6 {[%eval -132,0] Inaccuracy. Rf4 was best.} (41. Rf4 Be5
) 41... Bxg5 {[%eval -138,0]} 42. Rf7+ {[%eval -136,0]} Kh6 {[%eval -147,0]}
43. Rxb7 {[%eval -147,0]} Rd2+ {[%eval -138,0]} 44. Ke1 {[%eval -166,0]} Rxd5
$6 {[%eval -46,0] Inaccuracy. Ra2 was best.} (44... Ra2 45. Kd1) 45. Bf7 {
[%eval -14,0]} Rd4 {[%eval -33,0]} 46. Rb6 {[%eval -200,0]} Kg7 {[%eval -31,0]}
47. Bb3 {[%eval -23,0]} Bd2+ {[%eval -16,0]} 48. Ke2 {[%eval -14,0]} Bxa5 {
[%eval -27,0]} 49. Rxa6 {[%eval -15,0]} Bb4 {[%eval -26,0]} 50. Ke3 $6 {
[%eval -136,0] Inaccuracy. Ra7+ was best.} (50. Ra7+ Kf6) 50... Kf6 {[%eval
-163,0]} 51. Ra7 $6 {[%eval -273,0] Inaccuracy. Bg8 was best.} (51. Bg8) 51...
d5 {[%eval -272,0]} 52. Rd7 {[%eval -263,0]} Ke6 $4 {[%eval 0,0] Blunder. Ke5
was best.} (52... Ke5 53. Bc2 c4 54. Bg6 Rd2 55. Rh7 Rb2 56. Rh5+ Kd6 57. Kd4
Rd2+ 58. Ke3 Ba5 59. Rh6) 53. Rxd5 {[%eval 0,0]} Bd2+ {[%eval 0,0]} 54. Kf3 {
[%eval 0,0]} Rb4 {[%eval 0,0]} 55. Ba2 {[%eval 0,0]} Bf4 {[%eval 0,0]} 1-0